书目信息 |
| 题名: |
世界历史未解之谜
|
|
| 作者: | 李冶威 主编 | |
| 分册: | ||
| 出版信息: | 北京 中国文史出版社 2004.01 |
|
| 页数: | 487页 | |
| 开本: | 20cm | |
| 丛书名: | ||
| 单 册: | ||
| 中图分类: | K109 | |
| 科图分类: | ||
| 主题词: | 世界史:通史 | |
| 电子资源: | ||
| ISBN: | 7-5034-1456-1 | |
| 000 | 00573nam0 2200205 45 | |
| 001 | 0456495571 | |
| 005 | 2004051815413557 | |
| 010 | @a7-5034-1456-1@dCNY 39.80 | |
| 100 | @a20040518d2004 km y0chiy0120 ea | |
| 101 | 0 | @achi |
| 102 | @aCN@b110000 | |
| 200 | 1 | @a世界历史未解之谜@Ashi jie li shi wei jie zhi mi@f李冶威主编@Fli ye wei zhu bian |
| 205 | @a图文版 | |
| 210 | @a北京@c中国文史出版社@d2004.01 | |
| 215 | @a487页@d20cm | |
| 606 | 0 | @a世界史:通史 |
| 690 | 1 | @aK109@v4 |
| 701 | 0 | @a李冶威@Ali ye wei@4主编 |
| 801 | 0 | @aCN@bPFT@c20040518 |
| 905 | @a10447@dK109@eL310 | |
| 世界历史未解之谜/李冶威主编.-图文版.-北京:中国文史出版社,2004.01 |
| 487页;20cm |
| ISBN 7-5034-1456-1:CNY 39.80 |
| ● |
| 相关链接 |
|
|
|
正题名:世界历史未解之谜
索取号:K109/L310
 
预约/预借
| 序号 | 登录号 | 条形码 | 馆藏地/架位号 | 状态 | 备注 |
| 1 | 375598 | 203755980 | 社科库309/ [索取号:K109/L310] | 在馆 | |
| 2 | 375599 | 203755999 | 社科库309/ [索取号:K109/L310] | 在馆 |